000 00673nam a2200277Ia 4500
005 20260324112557.0
008 008 260324s9999 xx 000 0 eng d
020 _a9781003317890
037 _aEBOOK
040 _aCRL
040 _beng
040 _cCRL
041 _2eng
041 _aeng
084 _qCRL
100 _aCheng Siew Goh; Heap-Yih Chong
_91143280
245 0 _aRethinking Pathways to a Sustainable Built Environment
260 _bTaylor and Francis
260 _c2024
365 _a
365 _b290
856 _uhttp://www.taylorfrancis.com/books/9781003317890
942 _cEBOOK
999 _c1732537
_d1732537